| 000 | 00685nam a2200205 i 4500 | ||
|---|---|---|---|
| 001 | 104281 | ||
| 003 | ES-MaACL | ||
| 005 | 20230906183547.0 | ||
| 007 | t| | ||
| 008 | 051125s1973 sp ||||1| spa d | ||
| 100 | 1 |
_aMijaïlov, Nikolaï Nikolaevich. _981061 |
|
| 245 | 1 | 3 |
_aLa Unión Soviética / _cN. N. Mijaïlov; [versión Vicente Villacampa]. |
| 260 |
_aBarcelona : _bDanae, _c1973. |
||
| 300 |
_a1 t. en 2 v. : _bil., map. ; _c31 cm. |
||
| 490 | 1 |
_aGran colección geográfica Danae ; _v1, 2 |
|
| 700 | 1 |
_aVillacampa, Vicente. _9114904 |
|
| 830 | 0 |
_aGran colección geográfica Danae ; _v1, 2 _9232633 |
|
| 852 |
_aES-MaACL _jL-2061-2 _bR.86781 |
||
| 999 |
_c104281 _d104281 |
||